Stres - dôsledok dnešnej rýchlej doby

Podstata stresu, zdroje stresu. Stres na pracovisku. Rozpoznanie stresu, príčiny stresu. Hnev pomáha znížiť stres. Dotazník dispozície ku stresu.

Salvato in:
Dettagli Bibliografici
Autore principale: Kopčíková, Mária
Natura: Capitolo di libro
Lingua:slovacco
Soggetti:
Tags: Aggiungi Tag
Nessun Tag, puoi essere il primo ad aggiungerne!!

MARC

LEADER 00000naa$a2200000$$$4500
001 0115280
005 20231120112927.5
041 0 |a slo 
044 |a SK 
245 1 0 |a Stres - dôsledok dnešnej rýchlej doby  |c Mária Kopčíková 
520 |a Podstata stresu, zdroje stresu. Stres na pracovisku. Rozpoznanie stresu, príčiny stresu. Hnev pomáha znížiť stres. Dotazník dispozície ku stresu. 
610 2 0 |a stresy 
610 2 0 |a pracovisko 
610 2 0 |a testy psychologické 
100 1 |a Kopčíková, Mária